Carmen, qvod, dvm vir clarissimvs celeberrimvsqve professor, dominvs Ioannes Georgivs Sztretsko, ...

Bibliographic Details
Main Author: Ambrozi, Samuel, 1748-1806 (Author)
Format: Book
Language:Latin
Slovak
Published: Posonii Literis Patzkoianis 1780

MARC

LEADER 00000nam a22000005a 4500
001 vtls010032298
003 SK-MaSNL
005 20260301212617.0
008 180810s1780 xo 000 0 lat
040 |a SNK  |b slo  |c SNK  |e AACR2 
041 0 |a slo 
044 |a xo  |c SK 
100 1 |a Ambrozi, Samuel,  |d 1748-1806  |4 aut  |9 47971 
245 1 0 |a Carmen, qvod, dvm vir clarissimvs celeberrimvsqve professor, dominvs Ioannes Georgivs Sztretsko, ... 
260 |a Posonii  |b Literis Patzkoianis  |c 1780 
958 |a ONDV 
999 |c 918655  |d 920585 
952 |a SNK  |b SNK  |y PREZ  |7 0  |p 17A0737391  |o snkSB 301/16  |i snk1809/30  |g 30.00  |0 0  |1 0  |4 0  |d 2009-12-15  |f 1  |l 0  |r 2025-01-31 00:00:00  |w 2026-02-24 
952 |a SNK  |b SNK  |y PREZ  |7 0  |p 17A1346007  |o snkSB 301/16 D1  |i snk2009/22481  |8 3  |0 0  |1 0  |4 0  |d 2011-11-02  |l 0  |r 2026-02-24 08:07:51  |w 2026-02-24